• 首页
  • 本馆介绍
  • 公告通知
  • 最新文献
  • 馆藏检索
  • 电子资源
  • 读者导购
  • 参考咨询
  • 我的图书馆
  • 登录
  • 详细信息显示
  • 放入我的书架
  • 预约/预借图书
  • 作者相关作品
  • 分类相关作品
  • 丛书相关作品
  • 出版社相关作品

书目信息

  • 表格格式
  • 工作单格式
  • 卡片格式
题名:
应急管理体系和能力建设干部读本
    
 
作者: ;全国干部培训教材编审指导委员会办公室 组织编写
分册:  
出版信息: 北京   党建读物出版社  2021.01
页数: 335页
开本: 20cm
丛书名:
单 册:
中图分类: D63
科图分类:
主题词: 政治--中国
电子资源:
ISBN: 7-5099-1056-0
000 00839nam0 2200205 450
001 2556858915
005 20251216155037.25
010    @a7-5099-1056-0@dCNY46.00
100    @a20251216d2021 km y0chiy0120 ea
101 0  @achi
102    @aCN@b110000
102    @aCN
200 1  @a应急管理体系和能力建设干部读本@AYing Ji Guan Li Ti Xi He Neng Li Jian She Gan Bu Du Ben@f全国干部培训教材编审指导委员会办公室组织编写@FQuan Guo Gan Bu Pei Xun Jiao Cai Bian Shen Zhi Dao Wei Yuan Hui Ban Gong Shi Zu Zhi Bian Xie
210    @a北京@c党建读物出版社@d2021.01
215    @a335页@d20cm
606 0  @a政治@x中国
690    @aD63@v4
711 02 @a全国干部培训教材编审指导委员会办公室@AQuan Guo Gan Bu Pei Xun Jiao Cai Bian Shen Zhi Dao Wei Yuan Hui Ban Gong Shi@4组织编写
801  0 @aCN@b大连网信软件有限公司图书馆·11@c20251216
905    @aZUCC@dD63@e556
    
    应急管理体系和能力建设干部读本/全国干部培训教材编审指导委员会办公室组织编写.-北京:党建读物出版社,2021.01
    335页;20cm
    
    
    ISBN 7-5099-1056-0:CNY46.00
    
●
相关链接 在E读中查询图书 在五车中查询图书 在当当中查询图书 在豆瓣中查询图书


正题名:应急管理体系和能力建设干部读本     索取号:D63/556         预约/预借

序号 登录号 条形码 馆藏地/架位号 状态 备注
1 1441988   214419887   第一样本阅览室/ [索取号:D63/556] 在馆    
唐山师范学院图书馆 欢迎您!
大连网信软件有限公司© 版权所有